000 00723nam a2200229 i 4500
001 7902
003 ES-MaACL
005 20230906145333.0
007 t|
008 910521s1989 sp ||||1| spa d
020 _a84-03-33106-1
080 _a72.034(4)
100 1 _aMurray, Peter.
_984647
245 1 0 _aArquitectura del renacimiento /
_cPeter Murray.
260 _aMadrid :
_bAguilar/Asuri,
_ccop. 1989.
300 _a194 p., [24] p. de il. :
_bprincipalmente il. ;
_c25 cm.
490 1 _aHistoria universal de la arquitectura
650 4 _aArquitectura renacentista.
_910050
830 0 _aHistoria universal de la arquitectura
_9177982
852 _aES-MaACL
_jL-15119
_bR.119478
_z. - cart.
999 _c7902
_d7902